Quizzes
Events
Quiz Creation
Community
Videos
Private Events
Remove Ads
Sign In
Join for FREE
Feedback
Dark Mode
Quiz Categories
Sports
Geography
Music
Movies
Television
Just For Fun
Miscellaneous
History
Literature
Language
Science
Gaming
Entertainment
Religion
Holiday
For Kids
Quiz Lab
Recent
Popular Today
Quiz Kudos Today
Editor Picks
Curator Picks
Quizzes by...
Day
Popularity
Type
Ratings
Length
Year
Community
Subscriptions
Recent Discussions
Orange Saloon
Badges
Playlists
Quests
Create
Leaderboards
Showdown
Live 5
Trivia Bingo
Activity
Puzzle Library
Sporcle Events
Private Events
Virtual Trivia
Globe League
Become a Host
Pub Owners
SporcleCon
Opinionation
Our Games
Videos
Blog
Mobile Apps
Partnerships
Remove Ads and Go Orange
Feedback
History
US Presidents
World Leaders
Politics
Nation
Discovery
War
Decade
Year
Century
Biography
Art
History
US Presidents
World Leaders
Politics
Nation
Discovery
War
Decade
Year
Century
Biography
Art
Random Quiz
Search Sporcle
×
Quiz Lab
Quiz Lab
History
2000s
Type in answers that appear in a list
Type in answers that appear in a list
Classic
Best Score? Go Orange.
What Happened First? 2000-2009 Stats
Can you name the first of each pair of events to occur?
By
jadeish
2m
10 Questions
189 Plays
189 Plays
189 Plays
Comments
Comments
Give Quiz Kudos
Give Quiz Kudos
-
- Ratings
hide this ad
Forced Order
Answers have to be entered in order
Answers have to be entered in order
Wrong Answers
Some wrong answers will appear in red
Some wrong answers will appear in red
Replay
Link that replays current quiz
Next Quiz
Link to next quiz in quiz playlist
You Got
0%
They Got
Avg Score
64%
Avg Friend Score
Upgrade to see
Score Distribution
Jump to the score distribution portion of the page
Score
0/10
Timer
02:00
0
Plays Today
Event
Answer
% Correct
(1) The Human Genome project is completed
(2) The Genographic Project is established
???
99.5%
(1) Christmas Island, Kiribati sees in the New Millennium
(2) Sydney, Australia sees in the New Millennium
???
74.1%
(1) 7/
7 bombings in London, England
(2) 9/
11 terrorist attacks in New York, NY
???
63%
(1) The Nobel Prize in Medicine is partly awarded to Zur Hausen for his work concerning HPV & cervical cancer
(2) Kofi Annan/
The UN are jointly awarded the Nobel Peace Prize
???
59.3%
(1) East Timor regains independence from Indonesia
(2) The Federal Republic of Yugoslavia splits into Serbia and Montenegro
???
55%
(1) Harry Potter and the Philosopher's Stone is released at cinemas
(2) Pirates of the Caribbean: The Curse of the Black Pearl is released at cinemas
???
24.9%
(1) Pluto is demoted to a dwarf planet
(2) Water ice is discovered on the moon
???
19%
(1) Michael Jackson is found dead, the LA Coroner's Court rules it as a homicide
(2) Steve Irwin dies after being impaled on a stingray spine
???
19%
(1) Federer and Nedal play for 4 hours 48 minutes at Wimbledon
(2) South Korea and Japan host the FIFA World Cup, Brazil beat Germany 2-
0 in the final
???
16.9%
(1) Hurricane Katrina wreaks havoc in New Orleans, LA
(2) An underwater earthquake in the Indian Ocean measures 9.3, resulting in a devastating tsunami killing around 200,000
???
12.7%
Quiz Playlist
Details
Report
Send in Message
Add To Playlist
Classic:
Type in answers that appear in a list
Forced Order:
Answers have to be entered in order
Wrong Answers:
Some wrong answers will appear in red
Last Updated: Feb 16, 2017
Quiz Scoreboard
CHALLENGE
Sign Up to Join the Scoreboard
Show All
Scores
Hide
Comments
May contain spoilers
Recently Published
Popular People in 1961
by mucciniale
History
6m
1-10 Letter E Words III
by El_Dandy
Language
2m
One Thing in Common: World Cities II
by knightlancer
Geography
7m
More to Explore
Quiz From the Vault
Featured Blog Post
Where Did the Easter Bunny Come From?
hide this ad
You Might Also Like...
Tags
2000s
first
Today's Top Quizzes in History
Browse History
hide this ad
Today's Top Quizzes in 2000s
Browse 2000s
Top Contributed Quizzes in History
1
Popular People in 1991
2
Popular People in 1981
3
Popular People in 1951
4
Popular People in 1941
5
Popular People in 1986
6
Popular People in 1921
7
Popular People in 1976
8
I Am Born On March 28th
9
Popular People in 1946
10
Popular People in 1936
Explore More
Trending Topics
Disney
Kpop
Crossword
Marvel
Anime
NBA
Harry Potter
Pokémon
Country
Puzzle
NFL
Song
The Office
WWE
Soccer
hide this ad
More By:
jadeish
Quiz
Plays
Rating
Category
Featured
Created
Yorkshire
2,190
4.56
Geography
Aug 26, 2011
Chitty Chitty Bang Bang Lyrics
708
5.00
Movies
Aug 24, 2011
Hits of 2010: Fill in the Blank
356
3.33
Music
Jul 24, 2011
Quoted Slogans
234
4.00
Miscellaneous
Jul 26, 2011
What Happened First? 2000-2009
189
4.33
History
Jul 22, 2011
Go to Creator's Profile
Score Distribution
Quiz Creator Spotlight
jadeish
Follow
Send a Message
Quizzes Created
-
Created Quiz Play Count
-
More By This Creator
Popular Quizzes Today
1
Find the US States - No Outlines Minefield
2
The Countries of the World
3
Find the Countries of Europe - No Outlines Minefield
4
Popular People in 1961
5
1-10 Letter E Words III
6
Find the US States
7
One Thing in Common: World Cities II
8
US States
More History Quizzes
Sunday Crossword: Six Nations
Curator's Pick
Trending Quizzes
Risky Map Clicking: Least Populous States A-Z
1-10 Letter F Words
1-10 Letter G Words
One Thing in Common: United Kingdom
Risky Map Clicking: Next State Alphabetically
Recently Updated
Leaping Animals
pecheneg
Reality TV Shows (A-Z)
bhenderson79
Rickey Henderson's Hall of Fame Teammates
pecheneg
Champions League XIs: Arsenal
pecheneg
Quick Pick: Celebrities in WWE's Hall of Fame
aduchscher
A-Z Keypad Blitz II
pecheneg
Multiple Oscar Actors
pecheneg
Mystery Phrase Blitz: Oscar 'Best Actors'
pecheneg
F. Scott Fitzgerald Novels
LTH
Pick 3 Villains
ddd62291
Trending Topics
NBA
Harry Potter
Disney
Crossword
Marvel
Anime
Kpop
Soccer
Song
WWE
NFL
Country
Pokémon
Puzzle
The Office
Your Account Isn't Verified!
In order to create a playlist on Sporcle, you need to verify the email address you used during registration. Go to your
Sporcle Settings
to finish the process.
Report this User
Report this user for behavior that violates our
Community Guidelines
.
Details:
Send Report
Go to the Sporcle.com Mobile Site →
Comments